Регионална библиотека "Любен Каравелов" - Русе

Тераса над Рим (Запис номер 103842)

MARC детайли
000 -Лидер
Контролно поле с фиксирана дължина 01260nam a2200337 c 4500
003 - Код на организацията, давaща контролен номер
Контролно поле BLK
005 - Дата и час на последна редакция
Контролно поле 20230808163759.0
008 - Елементи от данни с фиксирана дължина
fixed length control field 180409b bul|||||r ||||||| ||bul||
010 ## - Наследен системен номер
LC control number KNG00108922000
020 ## - Международен стандартен номер на книга ISBN
Международен стандартен номер на книга ISBN 954-9933-20-2
-- издат.: Леге Артис
040 ## - Източник на каталожния запис
Идентификатор на билиотеката - собственик на записа BLK
041 ## - Код за език
Код за езика на текст/звукозапис или на отделно заглавие Български
Код за езика КДБФ Български
080 ## - УДК
Текстов определител УДК Френска литература
УДК код - определител по УДК 821.133.1
УДК определител -31
УДК - код + определител 821.133.1-31
100 1# - Редна дума - Автор
Автор Киняр, Паскал
Авторска отговорност първи автор
R(LIN) 78714
139 ## - Редно поле
Редна дума Киняр, Паскал
Авторски знак Кин - К 54
245 10 - Сведения за заглавието
Заглавие Тераса над Рим
Подзаглавни данни Роман
Редно поле (дума) Паскал Киняр; прев. Светла Славова Лекарска.
257 ## - Страна на издаване
Страна на създаване/издаване Франция
260 ## - Област на издателските данни
-- София
Име на издателя, разпространителя и проч. Леге Артис
Година на издаване 2002
Печатница София : Вулкан 4
300 ## - Физическа характеристика
Страници 95 с.
Размери/Мащаб 22 см
380 ## - Жанр
Жанр Худож. лит.
490 1# - СЕРИИ (Колекции)
Име на серия Безкрайна проза
500 ## - Общи забележки
Забележка Ориг. загл. Terrasse a Rome / Pascal Quignard. - Офс. изд. - 400 тир.
653 ## - Ключова дума – ненормативна
Ключова дума романи
700 ## - Други автори (авторска отговорност)
Лично име Лекарска, Светла Славова
Дати, свързани с автора 1956-
9 (RLIN) 375021
852 ## - Местоположение
Форматна сигнатура Цб 216660
856 4# - Електронен адрес и достъп
Електронен формат pdf - файл
Път до файла /url/
856 4# - Електронен адрес и достъп
Електронен формат pdf - файл
Път до файла /url/
942 ## - АРТИКУЛИ
Вид на библиотечния материал Книги
Скрит в OPAC Не
944 ## - СЪЗДАВАНЕ И РЕДАКЦИЯ на ЗАПИСА
Създаване/Редакция Създаване
Дата на регистрацията/редакция 14.11.2003
Служител, извършил регистрацията/редакцията 30556
Статус, дата на статуса Теодора Пейчева-Дянкова
944 ## - СЪЗДАВАНЕ И РЕДАКЦИЯ на ЗАПИСА
Създаване/Редакция Редакция
Дата на регистрацията/редакция 20.02.2004
Служител, извършил регистрацията/редакцията
999 ## - СИСТЕМНИ КОНТРОЛНИ НОМЕРА
Koha biblionumber 103842
Koha biblioitemnumber 103842
Наличности
Код за отписване Код за изгубен артикул Източник на класификационната схема Код за повреда Коз за рестрикции Код за отдаване Артикулен № Име на библиотеката - собственик Име на библиотеката, в която се намира в момента Статус (Текущо местоположение) Дата на вписване в системата Местоположение - отдел Цена в лева Инвентарен номер Систематично азбучна сигнатура Баркод Номер на екземпляра Цена в евро Служебна бележка Служебен тип на артикула
Изтеглен Не е изгубен Universal Decimal Classification Не е повреден без рестрикции заемане за дома 167697 Регионална библиотека "Любен Каравелов" Русе Регионална библиотека "Любен Каравелов" Русе Заемна - подръчен фонд 2003-11-14 Заемна - подръчен фонд 4.00 120000680045 П 840-31/К 54 120000680045 1 2.05 Дост: DA Вид: А N: 28 Дата: 14.11.2003 Книги
  Не е изгубен   Не е повреден без рестрикции ползва се в читалня 167698 Регионална библиотека "Любен Каравелов" Русе Регионална библиотека "Любен Каравелов" Русе Хранилище 2004-01-15 Хранилище 4.00 120000681803 Цб 216660 120000681803 2 2.05 Дост: Dp Вид: Д N: 5 Дата: 15.01.2003 Книги
Vip Innovations Ltd, Rousse, Bulgaria 2025